000 01432nam0a2200337 i 4500
001 RU\NLR\BIBL_A\010347789
005 20240921164443.0
010 _a9785774305353
_9200
021 _aRU
_b2014-14884
_9956
035 _a(NILC)RuMoRGB-006751477
035 _a(NLR Aleph) 010347789
090 _a10732585
_c10732585
100 _a20140425d2012 um y0rusy50 ca
101 0 _arus
102 _aRU
105 _ay|||j||||00yy
200 1 _aПравовое регулирование в сфере информационных технологий
_eучебное пособие
_fС. С. Епифанов
_gФедер. служба исполнения наказаний, Акад. права и упр.
210 _aРязань
_cАкадемия ФСИН России
_d2012
215 _a72 с.
_d20
225 1 _aБиблиотека сотрудника УИС
_vкн. 67
606 1 _aИнформационные технологии
_jУчебные издания
_xПравовое регулирование
_92295329
_3RU\NLR\AUTH\661374449
675 _a343.8:004(075.8)
686 1 _aХ62ф.я7
700 1 _aЕпифанов
_bС. С.
_gСтанислав Станиславович
801 0 _aRU
_bRuMoRKP
_c20140303
_gRCR
801 2 _aRU
_bРГБ
_c20140320
_grcr
801 1 _aRU
_bRuMoRKP
_c20140303
_2rusmarc
942 _cBOOK
980 _aNBR